000 00557nam a2200205Ia 4500
005 20250508165206.0
008 008 250505s9999 xx 000 0 eng d
020 _a978-0-19-437128-5
037 _aTextual
040 _aFEDL
_beng
_cFEDL
041 _aeng
_2eng
084 _a407, WID
_qFEDL
100 _aWiddowson H G
245 0 _aAspects of language teaching
260 _aNew Delhi, India
_bOxford University Press
_c1990
300 _axiii, 213p.
365 _aINR
_b795
942 _cTEXL
_h407, WID
999 _c1393690
_d1393690